00361 a2200121 4500003000500000005001700005040000900022082000800031245006100039260003200100650008300132651002400215Nust20170207154424.0 cNust a799 aIndep Day 14 Aug 2001(Photo Album Vol No. 1, 2001) cMCS aRawalpindibMCSc14-08-2001 aPictures of Indep Day 14 Aug 2001in MCS,(Photo Album Vol No. 1, 2001,CD-NO-6) a Sweet Memories-MCS